Výkonnost a tržní hodnota firmy

Gespeichert in:
Bibliographische Detailangaben
1. Verfasser: Neumaierová, Inka
Weitere Verfasser: Neumaier, Ivan
Format: Buch
Sprache:Tschechisch
Veröffentlicht: Praha Grada Publishing 2002
Schriftenreihe:Finance
Schlagworte:
Tags: Tag hinzufügen
Keine Tags, Fügen Sie das erste Tag hinzu!

MARC

LEADER 00000nam a2200000 4500
001 c143962
005 20221025090317.3
020 |a 80-247-0125-1 
041 0 |a cze 
044 |a CZ 
245 1 0 |a Výkonnost a tržní hodnota firmy  |c Inka Neumaierová, Ivan Neumaier 
264 1 |a Praha  |b Grada Publishing  |c 2002 
300 |a 215 s. 
490 1 |a Finance 
830 0 |a Finance 
610 2 0 |a výkonnosť 
610 2 0 |a výkonnosť ekonomiky 
610 2 0 |a firmy 
610 2 0 |a hodnota podniku 
610 2 0 |a podnikanie 
610 2 0 |a kvantifikácia 
610 2 0 |a riadenie 
610 2 0 |a analýza finančná 
100 1 |a Neumaierová, Inka 
700 1 |a Neumaier, Ivan